| 000 | 00960nam a22002177a 4500 | ||
|---|---|---|---|
| 003 | OSt | ||
| 005 | 20151026133603.0 | ||
| 008 | 130716s2012 sp ||||| |||| 00| 0 spa d | ||
| 040 | _cCDMR | ||
| 100 | 1 |
_93964 _aCervera Barriga, Esther |
|
| 245 | 1 | 0 |
_aCNN+ _b: análisis, estructura, desarrollo y conclusión del primer canal privado de noticas en España _cEsther Cervera Barriga ; María Jesús Casals Carro (directora) _h[recurs electrònic] |
| 260 |
_aMadrid _c2012 |
||
| 502 |
_aTesi defensada el 23 de juliol de 2012 _cUniversidad Complutense de Madrid, Facultad de Ciencias de la Información, Departamento de Periodismo I |
||
| 610 | 2 |
_93966 _aCNN+ (Emissora de televisió) |
|
| 650 | 0 | 4 |
_91780 _aTelevisió _zEspanya |
| 650 | 0 | 4 |
_93157 _aTelevisió _xNoticiaris |
| 650 | 0 | 4 |
_92994 _aTesis i dissertacions acadèmiques |
| 700 | 1 |
_93965 _aCasals Carro, María Jesús |
|
| 856 | 4 | 0 |
_uhttp://eprints.ucm.es/17465/ _yDisponible en línia (UCM) |
| 942 |
_2udc _cTSN-E |
||
| 999 |
_c6600 _d6600 |
||